| 000 | 02383cam a22003857a 4500 | ||
|---|---|---|---|
| 999 |
_c328618 _d328618 |
||
| 001 | 16253066 | ||
| 003 | Nust | ||
| 005 | 20170412155003.0 | ||
| 008 | 100526s2009 nyu d 000 1 eng d | ||
| 010 | _a 2010279516 | ||
| 020 | _a9780316073943 (pbk.) | ||
| 020 | _a9780755370160 | ||
| 035 | _a(OCoLC)ocn318879302 | ||
| 040 |
_aBTCTA _cBTCTA _dZGX _dXL4 _dNYP _dB2A _dCNB _dVP@ _dDLC |
||
| 042 | _alccopycat | ||
| 050 | 0 | 0 |
_aPZ7.V94 _bDe 2009 |
| 082 | 0 | 0 |
_a813.6 _bZIE |
| 100 | 1 | _aVon Ziegesar, Cecily. | |
| 245 | 1 | 0 |
_aDevious : _ban it girl novel / _ccreated by Cecily von Ziegesar. |
| 250 | _a1st ed. | ||
| 260 |
_aNew York : _bPoppy, _c2009. |
||
| 300 |
_a216 p. ; _c21 cm. |
||
| 490 | 0 | _aAn it girl novel | |
| 500 | _aIncludes a sneak peek of: I will always love you. | ||
| 500 | _a"Little, Brown and Company". | ||
| 520 | _a"Everyone at elite Waverly Academy actually looks forward to the freezing month of January: it's Jan Plan, four blissful weeks when cool independent projects replace hectic schedules and boring classes. Wild weeknight parties, late-night trips to the crater, and plenty of time to gossip about it all? Yes, please! Jenny Humphrey can't wait to start her solo art project. But the real masterpiece is Isaac Dresden, the new dean's gorgeous son, who's taken an interest in Jenny's painting...and her. Tinsley Carmichael has a new friend, too: Isaac's out-of-control sister, Isla. The two girls are a match made in hell, and their racy photo project has the whole school talking. Too bad Tinsley's boyfriend, Julian McCafferty, disapproves of their kind of 'art.' Exes Callie Vernon and Brandon Buchanan are thrown together on a psychology experiment about the origins of true love. And they might just be the best subjects.... Without the structure of regular classes, the Waverly Owls are bound to find crazy ways to entertain themselves. Now who said school wasn't fun?"--p. [4] of cover. | ||
| 521 | 8 | _aAges 15 and up. | |
| 650 | 0 |
_aPrivate schools _vFiction. |
|
| 650 | 0 |
_aInterpersonal relations _vFiction. |
|
| 650 | 0 |
_aDating (Social customs) _vFiction. |
|
| 650 | 0 |
_aTeenagers _vFiction. |
|
| 650 | 0 |
_aYoung adults _vFiction. |
|
| 655 | 0 | _aYoung adult fiction. | |
| 906 |
_a7 _bcbc _ccopycat _d2 _encip _f20 _gy-gencatlg |
||
| 942 |
_2ddc _cBK |
||